Upward tapping as an option to manage tapping panel dryness in Hevea brasiliensis (Record no. 71777)

MARC details
000 -LEADER
fixed length control field 00549nam a2200145Ia 4500
100 ## - MAIN ENTRY--AUTHOR NAME
Personal name Sobhana P
245 #0 - TITLE STATEMENT
Title Upward tapping as an option to manage tapping panel dryness in Hevea brasiliensis
260 ## - PUBLICATION, DISTRIBUTION, ETC. (IMPRINT)
Name of publisher In: Tapping Panel Dryness of Rubber Trees (Eds.James Jacob; R Krishnakumar and N.M. Mathew) Rubber Research Institute of India, Kottayam, 2006, pp.231-236.
650 ## - SUBJECT ADDED ENTRY--TOPICAL TERM
Topical Term Stock-scion interaction
650 ## - SUBJECT ADDED ENTRY--TOPICAL TERM
Topical Term TPD manageemnt
650 ## - SUBJECT ADDED ENTRY--TOPICAL TERM
Topical Term Upward tapping
700 ## - ADDED ENTRY--PERSONAL NAME
Personal name Jacob J
942 ## - ADDED ENTRY ELEMENTS (KOHA)
Koha item type Journals
Holdings
Withdrawn status Lost status Damaged status Not for loan Home library Current library Shelving location Date acquired Koha item type
      Journals RRII Library RRII Library Plant physiology 19/06/2007 Journals